A kulturális és zenei fesztiválok hatásai és turisztikai vonzereje

Bibliográfiai részletek
Szerző: Lőrinc Anett
További közreműködők: Bándoli Attila István
Dokumentumtípus: Diplomadolgozat
Kulcsszavak:fesztivál
gazdaság
kultúra
társadalom
turizmus
Online Access:http://dolgozattar.uni-bge.hu/60105

MARC

LEADER 00000nta a2200000 i 4500
001 dolg60105
005 20260409150009.0
008 260409suuuu hu om 000 hun d
040 |a BGE Dolgozattár Repozitórium  |b hun 
041 |a hu 
100 1 |a Lőrinc Anett 
245 1 2 |a A kulturális és zenei fesztiválok hatásai és turisztikai vonzereje  |c Lőrinc Anett  |h [elektronikus dokumentum] 
520 3 |a Szakdolgozatomban a kulturális és zenei fesztiválok turisztikai vonzerejét, gazdagági, társadalmi és kulturális hatásait vizsgáltam. Napjainkban egyre több fesztivál kerül megrendezésre, amik a turisztikai kínálat meghatározó részévé váltak. Kutatásom során kiderült, hogy nem csupán remek kikapcsolódási és szórakozási lehetőséget nyújtanak az emberek számára, hanem rengeteg további pozitív hatással rendelkeznek, ugyanakkor nem szabad megfeledkezni a negatív oldalukról sem. A szakirodalmi áttekintés során a gazdasági, társadalmi és kulturális hatások vizsgálata mellett bemutatásra került a fesztiválok fogalma, általános jellemzőik és csoportosításuk, különböző definíciók és fesztiválmátrixok, valamint szó esett többek között a látogatói motivációról, a fenntartható rendezvényszervezésről és minősítési rendszerekről is. Ezzel megalapoztam az empirikus kutatásom elméleti hátterét, melynek keretében kérdőív segítségével gyűjtöttem adatokat a válaszadók véleményéről és tapasztalatairól. A kvantitatív kutatás eredményei alapján kijelenthető, hogy a fesztiválok látogatásának legfőbb motivációi közé tartozik a szórakozás és a kikapcsolódás iránti vágy, a zenei előadók iránti érdeklődés, valamint az élmények és emlékek gyűjtése. Mindezek mellett előtérbe került a fesztiválok turisztikai vonzerejének vizsgálata, a gazdasági hatások, továbbá a környezetbarát intézkedések fontossága is. 
695 |a fesztivál 
695 |a gazdaság 
695 |a kultúra 
695 |a társadalom 
695 |a turizmus 
700 1 |a Bándoli Attila István  |e ths 
856 4 0 |u http://dolgozattar.uni-bge.hu/60105/1/Lo%CC%8Brinc%20Anett_Szakdolgozat.pdf  |z Dokumentum-elérés 
856 4 0 |u http://dolgozattar.uni-bge.hu/60105/2/B%C3%ADr%C3%A1lati%20lap_L%C5%91rinc%20Anett%20C66B5Y.pdf  |z Dokumentum-elérés 
856 4 0 |u http://dolgozattar.uni-bge.hu/60105/3/Szakdolgozat%20%C3%A9rt%C3%A9kel%C5%91%20Bsc%20%285%29L%C5%91rinc%20Anett.pdf  |z Dokumentum-elérés